|
|
|
|
| LEADER |
00000nam a2200000 a 4500 |
| 001 |
UCR4118 |
| 003 |
CL-VaPUC |
| 008 |
980307e19110000IT |||||||||||||||||spa|d |
| 082 |
0 |
4 |
|a 937
|b SUB
|2 21
|
| 100 |
0 |
|
|a Subercaseaux, Ramón
|e author
|9 314447
|
| 245 |
1 |
3 |
|a El genio de Roma: el Lacio y la Campiña Romana, héroes y poetas, los papas
|
| 300 |
|
|
|a 507 p
|
| 942 |
|
|
|c BK
|
| 945 |
|
|
|d 19980307 00:00:00
|a cmena
|
| 260 |
|
|
|a Roma
|b Unione
|c 1911
|
| 500 |
|
|
|a Donación del padre Enrique Pascal García Huidobro
|
| 600 |
|
0 |
|a Iglesia católica
|9 255129
|
| 650 |
|
0 |
|a Historia romana
|9 322973
|
| 650 |
|
0 |
|a Civilización
|9 255823
|
| 650 |
|
0 |
|a Arte romano
|9 267838
|
| 650 |
|
0 |
|a Literatura romana
|9 344825
|
| 650 |
|
0 |
|a Catolicismo
|9 258690
|
| 650 |
|
0 |
|a Papas
|9 258738
|
| 651 |
|
0 |
|a Roma
|9 255106
|
| 651 |
|
0 |
|a Italia
|9 254949
|
| 583 |
|
|
|a last modification
|c 19980307 00:00:00
|k Rodrigo Vera
|
| 999 |
|
|
|c 267070
|d 267068
|
| 952 |
|
|
|0 0
|1 0
|4 0
|6 937_000000000000000_SUB_1911
|7 0
|8 P
|9 299225
|a BIBDER
|b BIBDER
|d 2019-11-20
|i 1957562
|o 937 SUB 1911
|p 1957562
|r 2023-01-25
|w 2019-11-20
|y BK
|k DER
|